000 00607nam a2200169 a 4500
001 000034227
005 20200930070902.0
008 110928s1959 ve 000 0 spa d
040 _aDO-SdBNP
_bspa
_cBNPHU
082 _axxxx
_bG166
100 1 _aGallegos Ortiz, Rafael
_959646
245 1 3 _aLa universidad y la libertad del pueblo dominicano.
260 _aMerida, Vezuela :
_bPublicaciones del Comité Pro-Liberación de Santo Domingo :
_bTalleres Gráficos de la Universidad de los Andes,
_c1959.
300 _a14 p. ;
_c24 cm.
490 1 _aEdiciones libertad
_n1
830 0 _aEdiciones libertad
_v1
_959647
999 _c33718
_d33718